[Event "Paris FIDE GP"]
[Site "Elancourt"]
[Date "2013.09.22"]
[Round "1"]
[White "Nakamura, Hikaru"]
[Black "Tomashevsky, Evgeny"]
[Result "1/2-1/2"]
[WhiteElo "2772"]
[BlackElo "2706"]
[Annotator "Ramirez Alvarez,Alejandro"]
[PlyCount "59"]
[EventDate "2013.09.22"]
[EventType "tourn"]
[EventRounds "11"]
[EventCountry "FRA"]
[EventCategory "20"]
[SourceTitle "CBM 157"]
[Source "ChessBase"]
[SourceDate "2013.11.12"]
[SourceVersion "1"]
[SourceVersionDate "2013.11.12"]
[SourceQuality "1"]
[TimeControl "40/7200:20/3600:900+30"]
[WhiteClock "2:00:00"]
[BlackClock "2:00:00"]

1. d4 {[%emt 0:00:03] Wells,Peter K} d5 {[%emt 0:00:09]} 2. c4 {[%emt 0:00:05]} e6 {[%emt 0:00:08]} 3. Nc3 {[%emt 0:00:05]} c6 {[%emt 0:00:06]} 4. e4 {[%emt 0:01:43]} dxe4 {[%emt 0:00:46]} 5. Nxe4 {[%emt 0:00:10]} Bb4+ {[%emt 0:00:18]} 6. Bd2 {[%emt 0:00:06]} Qxd4 {[%emt 0:00:12]} 7. Bxb4 {[%emt 0:00:05]} Qxe4+ {[%emt 0:00:09]} 8. Be2 {[%emt 0:01:02]} ({RR} 8. Ne2) 8... Na6 {[%emt 0:01:35]} 9. Bc3 {[%emt 0:06:56]} ({RR} 9. Ba5 f6 ({RR} 9... b6 10. Qd6 bxa5 11. Rd1) 10. Qd8+ Kf7 11. O-O-O b6 12. Bc3 e5 13. Bh5+ g6 14. Bf3 Qf4+ ({RR} 14... Qxc4) 15. Rd2 Qxc4 16. Ne2 Qxa2 17. Rd6 Rb8 18. Rhd1 Be6 19. Rd7+ Bxd7 20. Rxd7+ Ke6 21. Rd6+ Kf7 22. Rd7+ Ke6 23. Bg4+ f5) ({RR} 9. Bd6 b6 10. Nf3 Bb7 11. O-O O-O-O 12. Ne5 Qf5 13. Bg4 Qf6 14. Bf3 Ne7 15. Bxe7 Qxe7 16. Qa4 Qc7 17. Nxc6 Bxc6 18. Qxa6+ Kb8) 9... f6 {[%emt 0:16:10]} 10. Qd6 {[%emt 0:22:15] Despite the fact that tis is a very sharp variation, there are still many lines that are almost completely unxplored. This one specifically has never been see in high level chess} ({RR} 10. Nf3 Ne7 11. O-O O-O 12. Re1 Ng6 13. b4 e5) ({RR} 10. Qd2 e5 11. f3 Qh4+ 12. g3 Qh6) 10... Nh6 $5 {[%emt 1:00:42] Tomashevsky must have foreseen the upcoming complications before playing this move.} ({RR} 10... Ne7 11. O-O-O ({RR} 11. Rd1 Kf7 12. Nf3 Ng6) 11... e5 ({RR} 11... Kf7 12. Qd2 e5 13. f3 Qg6 14. f4 e4 15. h3 h5 16. Bf1 Be6 17. b3 Nc5 18. Bb4 Rad8 19. Qxd8 Rxd8 20. Rxd8 Nd3+ 21. Rxd3 exd3 22. Bxe7 Kxe7 23. Nf3 Qe4) ({RR} 11... Ng6) 12. Bh5+ ({RR} 12. Qd8+ Kf7 13. Qxh8 Bf5 14. Bd3 Qxd3 ({RR} 14... Qf4+ 15. Bd2 Qd4 16. Be3 Qxd3 17. Rxd3 Rxh8 18. Rb3) 15. Rxd3 Rxh8 16. Rd1 ({RR} 16. Rd2 Nc5 17. Nf3 ({RR} 17. f3 Nd3+ 18. Kd1 Rd8 19. Ke2 Nf4+ 20. Kf1 Rxd2 21. Bxd2 Bd3+) 17... Ne4 18. Re2 Ng6 ({RR} 18... Nxc3 19. bxc3 Bd3 20. Rxe5 Bxc4 21. Re4) 19. Bd2 Nc5 20. Ne1 Nd3+ 21. Nxd3 Bxd3) 16... Nc5) 12... Ng6 ({RR} 12... g6 13. Qxf6 ({RR} 13. Bf3 Qf4+ 14. Rd2 ({RR} 14. Kb1 Bf5+ 15. Ka1 Kf7) 14... Kf7 15. b3 Nf5 16. Qa3 Qh6) 13... Bf5 14. Qxh8+ Kf7 15. Qxh7+ Kf8) 13. Qd8+ ({RR} 13. Bxg6+ hxg6 14. Qd8+ Kf7 15. Qxh8 Bf5) 13... Kf7 14. Rd7+ ({RR} 14. Qxh8 Bf5 15. Rd7+ Ke6) 14... Ke6 ({RR} 14... Bxd7 15. Qxd7+ Kf8 16. Qxb7 ({RR} 16. Nf3) ({RR} 16. Qd6+ Ke8 ({RR} 16... Kf7) ({RR} 16... Ne7 17. Qe6) 17. Qe6+ Kd8 ({RR} 17... Kf8) 18. Ne2 Nc5 19. Qd6+ Nd7 20. Rd1 Ngf8 21. Nd4 exd4 22. Re1 Qxe1+ 23. Bxe1) ({RR} 16. Ne2 Re8 17. Ng3 Qf4+ 18. Kb1 Qxc4 19. Nf5 Qf7) 16... Rd8 17. Qxa6 Qf4+ 18. Kc2 Qf5+) 15. Rd6+ Kf7 16. Rd7+ Ke6 17. Rd6+ Kf7 {½-½ (17) Gurevich,M (2688)-Vallejo Pons,F (2559) Dos Hermanas 2001 CBM 083 [Wells,Peter K]}) ({RR} 10... Bd7 11. O-O-O O-O-O 12. Qg3 g5 ({RR} 12... Qg6 13. Qe3 b6 ({RR} 13... Qh6 14. f4 c5 15. Nf3 e5 16. g3 Ne7) 14. Nh3 Qh6 15. f4 Ne7 16. g4 e5 17. Bd2 Nc5 18. Qa3 e4 19. Nf2 Kb7 20. f5 Qh4 21. Be3 Nd3+ 22. Nxd3 exd3 23. Rxd3 Nxf5 24. Rhd1) 13. Bd3 Qf4+ 14. Qxf4 gxf4 15. g3 fxg3 16. hxg3 e5 17. Rxh7 Rxh7 18. Bxh7 Be6 19. Rxd8+ Kxd8 20. b3) ({RR} 10... e5 11. Rd1 Qf5 12. Qd8+ Kf7 13. c5 Nxc5 14. Bc4+ Ne6 15. Ne2 Qe4 16. Rd7+ Bxd7 17. Qxd7+ Ne7 18. Qxe6+ Ke8 19. O-O) 11. Bxf6 $5 {[%emt 0:36:45]} (11. O-O-O Nf7 {[%cal Gf7d6] and white has no time for f6} 12. Qg3 $44) ({RR} 11. O-O-O Nf7 12. Qg3 Qg6 13. Nf3) ({RR} 11. Rd1 Nf7 12. Qa3 e5) ({RR} 11. O-O-O Nf7 12. Qg3 Qg6 13. Bd3 Qxg3 14. hxg3 h6 15. f4 Bd7 16. Bg6 Rf8 17. Nf3 O-O-O 18. g4 Nh8 19. Bb1 Nc7 20. Bb4 Rfe8 21. Rde1 b6 22. g5 hxg5 23. fxg5 c5 24. Bc3 e5 25. gxf6 gxf6 {Ilinca,F (2431)-Pranesh,M (2592) Brasov ROU 2025 ½-½ (34)}) 11... gxf6 {[%emt 0:00:09]} 12. O-O-O {[%emt 0:00:04]} (12. Rd1 $4 Nf7) 12... Qg6 $146 {[%emt 0:00:40]} (12... Nf7 13. Bh5 {[%csl Re8,Rf7][%cal Gh5e8] and Black gets promptly mated, so he cannot do this.}) (12... Rg8 13. Bh5+ Rg6 14. Qd8+ Kf7 15. Qh8 {Gives White a decisive attack. This last move is key in the variation}) ({RR} 12... Rg8 13. Bh5+ Rg6 14. Qd8+ Kf7 15. Qh8 Qf4+ 16. Rd2 Qxc4+ 17. Kb1 Qe4+ 18. Ka1 Nf5 19. Qxh7+ Ng7 20. Nf3 e5 21. Re1 {1-0 (21) Llanos,G (2410)-Adla,D (2440) Villa Gesell 1996}) 13. Qd8+ {[%emt 0:00:05]} Kf7 {[%emt 0:00:04]} 14. Qxh8 {[%emt 0:00:06] White now has more material, but it is also he that comes under a swift attack.} Nb4 {[%emt 0:00:04][%cal Gg6c2]} 15. Bh5 {[%emt 0:00:10] The only move to stop the threat of Qc2 mate} Nxa2+ {[%emt 0:00:06]} 16. Kd2 {[%emt 0:00:03]} Qxh5 {[%emt 0:00:07]} 17. Qxh7+ {[%emt 0:00:02]} Kf8 {[%emt 0:00:07]} 18. Qh8+ {[%emt 0:00:12]} Kf7 {[%emt 0:00:02]} 19. Qh7+ {[%emt 0:00:37]} Kf8 {[%emt 0:00:04]} 20. Nf3 {[%emt 0:46:07] White again is down material and his king is on d2, but he senses he has the opportunity to keep attacking as Black's king is still weak and Black's pieces are very discoordinated.} e5 {[%emt 0:01:21]} 21. Ke1 {[%emt 0:00:41]} (21. h3 $5 {This is an absolutely amazing computer move, though the point is simple. g4 is threatened and Black must react appropiately. e4 only move} e4 $8 22. Kc2 $1 {The king ends up being better going back to the kingside, despite e1 being visually a safer position} Be6 $1 (22... Nb4+ 23. Kb3 Be6 24. Nd4 $1 Bf7 25. Qh8+ Ng8 26. Qxh5 Bxh5 27. Kxb4 Bxd1 28. Rxd1 {[%csl Ra8,Gd1,Rg8,Gh3][%cal Gh3h8] and the endgame heavily favors White as his pieces are much more active and he has a passed pawn on the kingside}) 23. g4 Nb4+ 24. Kc1 Qa5 (24... Qc5 $13 {is probably even better.}) 25. Qxh6+ Ke7 $13 {And White is again up an exchange, but Black isn't out of the game yet and anything can happen.}) 21... Bg4 {[%emt 0:14:43]} 22. h3 {[%emt 0:00:06]} e4 {[%emt 0:00:05]} 23. Nd4 {[%emt 0:00:25]} (23. Qh8+ Ng8 24. hxg4 Qxh8 25. Rxh8 exf3 {is not better for White.}) 23... Re8 {[%emt 0:00:37]} 24. Qh8+ {[%emt 0:00:37]} Kf7 {[%emt 0:00:28]} 25. Qh7+ {[%emt 0:00:03]} Kf8 {[%emt 0:00:05]} 26. Ra1 $6 {[%emt 0:00:36]} e3 {[%emt 0:13:54]} (26... Nb4 $5 {would have put Nakamura's last move to question. Suddenly Black doesn't want to agree to a perpetual and wants to use his extra material.}) 27. Qh8+ {[%emt 0:00:00]} Kf7 {[%emt 0:00:31]} 28. Qh7+ {[%emt 0:00:01]} Kf8 {[%emt 0:00:06]} 29. Qh8+ {[%emt 0:00:19]} Kf7 {[%emt 0:00:07]} 30. Qh7+ {[%emt 0:00:02] not a perfect game, but a very exciting one with possibilities for both sides. A great start to the Paris Grand Prix!} 1/2-1/2

[Event "FIDE-Wch k.o."]
[Site "Tripoli"]
[Date "2004.06.29"]
[Round "5.2"]
[White "Grischuk, Alexander"]
[Black "Kasimdzhanov, Rustam"]
[Result "1-0"]
[WhiteElo "2719"]
[BlackElo "2652"]
[Annotator "Dautov,Rustem"]
[PlyCount "103"]
[EventDate "2004.06.19"]
[EventType "k.o."]
[EventRounds "7"]
[EventCountry "LBY"]
[SourceTitle "CBM 102"]
[Source "ChessBase"]
[SourceDate "2004.09.23"]
[SourceVersion "1"]
[SourceVersionDate "2004.09.23"]
[SourceQuality "1"]

1. d4 d5 2. c4 e6 3. Nc3 Be7 4. cxd5 exd5 5. Bf4 c6 6. e3 Bd6 7. Nge2 ({Mehr verbreitet ist} 7. Bg3) ({RR} 7. Qf3 Ne7 8. h4 Nf5 9. Bd3 Bxf4 10. Qxf4 Nd6 11. Nf3 Qe7 12. O-O-O Be6 13. Ng5 h6 14. Nxe6 Qxe6 15. g4 Nd7 16. f3 O-O-O 17. e4 dxe4 18. fxe4 c5 19. e5 cxd4 20. Qxd4 Qxe5 21. Qxa7 Qc5 {Vakhidov,J (2534)-Kasimdzhanov,R (2661) Chess.com INT 2021 0-1}) 7... Ne7 8. h4 $5 $146 {Eine abenteuerliche Idee, die zumindest für ein kompliziertes Spiel sorgt. Grischuk brauchte in dieser Partie unbedingt einen Sieg, um im Rennen zu bleiben.} (8. Bxd6 Qxd6 9. Ng3 Nd7 10. Bd3 Nf6 11. Qc2 O-O 12. O-O h6 $11 {Hjartarson,J-Short,N/Rotterdam 1989}) ({RR} 8. Bxd6 Qxd6 9. Ng3 O-O 10. Bd3 Nd7 11. Qc2 Nf6 12. O-O-O Bd7 13. Kb1 c5 14. dxc5 Qxc5 15. e4 d4 16. Nce2 Qb6 17. Nxd4 Ng4 18. h3 Rac8 19. Qe2 Ne5 20. Bc2 N7g6 21. Bb3 a5 22. Ngf5 a4 {Morozevich,A (2765)-Topalov,V (2780) Nice 2008 1-0 (34)}) ({RR} 8. Qb3 O-O 9. Rc1 Re8 10. a3 Nf5 11. g3 Bxf4 12. gxf4 Nd7 13. Bg2 Nh4 14. O-O Nf6 15. Ng3 Qd7 16. f5 Nxg2 17. Kxg2 Ng4 18. Rfe1 Nh6 19. e4 dxe4 20. Ncxe4 Rd8 21. Nh5 Qxf5 22. Rc5 Qg4+ {Duda,J (2739)-Papasimakopoulos,A (2352) chess.com INT 2026 1-0 (33)}) 8... Na6 9. h5 $146 ({Vorsichtiger war} 9. Bxd6 Qxd6 10. Ng3 Nc7 11. Bd3 O-O 12. h5 h6 13. Bc2 Ne8 14. Qd3 Nf6 $13) ({RR} 9. Qd2 Bf5 10. Bxd6 Qxd6 11. Ng3 Nc7 12. Nxf5 Nxf5 13. g4 Ne7 14. O-O-O Qb4 15. Kb1 O-O-O 16. a3 Qd6 17. Bd3 h5 18. g5 f5 19. Ne2 Ne6 20. Rc1 Kb8 21. Ng1 c5 22. Nf3 Rhf8 23. dxc5 Nxc5 {Hillarp Persson,T (2547)-Malesevic,N (2255) Sweden 2014 1-0 (52)}) ({RR} 9. Bxd6 Qxd6 10. Ng3 Nc7 11. Bd3 O-O 12. Qh5 h6 13. Qf3 b6 14. Nge2 c5 15. g4 Ba6 16. Bxa6 Nxa6 17. a3 Rad8 18. g5 cxd4 19. Nxd4 Nc5 20. Rd1 Qg6 21. gxh6 Qxh6 22. Ke2 f5 23. Qf4 Qxf4 {Romanov,E (2576)-Riazantsev,A (2634) Moscow 2009 ½-½ (40)}) 9... Nc7 10. h6 g6 11. Bg5 $6 {Die Idee kennt man aus der berühmten Partie Alekhine-Rubinstein/The Hague 1921, allerdings konnte sich dort der Läufer auf f6 für längere Zeit einisten. Hier ist es nicht der Fall.} (11. Bxd6 Qxd6 12. Ng3 $13) 11... O-O 12. Qd2 f6 13. Bf4 Bb4 $1 {Widerlegt den dubiosen Plan von Weiß, Schwarz übernimmt die Initiative.} 14. f3 Ne6 $15 15. Bg3 Nf5 16. Bf2 Re8 17. O-O-O Ng5 {Verhindert das eventuelle e3-e4.} 18. Nf4 Nd6 $6 {Eine falsche Idee. Den Figurendruck kann Weiß problemlos aushalten, es war an der Zeit, mit 19...a5! den Bauernsturm zu starten.} (18... Bf8 19. Bd3 Nxh6 20. e4 $44) (18... a5 $1 19. a3 Bd6 20. Bd3 b5 $40) 19. Qc2 Qa5 20. Qb3 ({Nach} 20. a3 Bxc3 21. Qxc3 Qxc3+ 22. bxc3 $11 {steht Weiß bereits nicht schlechter, aber er braucht einen Sieg!}) 20... Bxc3 $6 21. bxc3 Qb6 22. Qa3 $1 {Hält die Spannung aufrecht.} Ngf7 23. g4 Be6 24. Rh2 Rac8 25. Bg3 $14 {xg6 Die schwarzen Figuren stehen auf einmal sehr unharmonisch - Grischuk hat das Ruder übernommen.} c5 $2 (25... Qc7 $14) 26. Rb2 Qc6 27. Qxa7 cxd4 28. Qxd4 Qxc3+ 29. Kb1 Qxd4 30. Rxd4 $16 {Das forciert entstandene Endspiel ist sehr schwierig für Schwarz. Zu den passiv stehenden Figuren gesellt sich die Schwäche der Bauern b7 und d5.} Rc3 31. Rb3 Rc5 32. Rb6 Rc6 33. Rb3 Nxh6 34. Nxd5 Bxd5 35. Rxd5 Nhf7 36. Rd1 Ne5 37. Be2 Rec8 $2 38. g5 $1 Kg7 39. e4 Nef7 40. gxf6+ Kxf6 41. Bf2 Ke7 42. Bd4 {Das weiße Läuferpaar wird zunehmend aktiv.} Nd8 43. Bb2 Nc4 44. Bc1 Rd6 45. Rxd6 Nxd6 46. f4 h5 47. Bf3 Ke6 $2 48. Bg2 Rc4 49. Rd3 $18 N6f7 50. Bh3+ Kf6 51. e5+ Kg7 52. e6 1-0

[Event "EU-Cup 34th"]
[Site "Porto Carras"]
[Date "2018.10.18"]
[Round "7.1"]
[White "Navara, David"]
[Black "Vallejo Pons, Francisco"]
[Result "1-0"]
[WhiteElo "2740"]
[BlackElo "2713"]
[Annotator "Mikhalchishin,Adrian"]
[PlyCount "79"]
[EventDate "2018.10.12"]
[EventType "team-swiss"]
[EventRounds "7"]
[EventCountry "GRE"]
[SourceTitle "CBM 187"]
[Source "ChessBase"]
[SourceDate "2018.12.11"]
[SourceVersion "1"]
[SourceVersionDate "2018.12.11"]
[SourceQuality "1"]
[WhiteTeam "Novy Bor"]
[BlackTeam "Padova Obiettivo"]
[WhiteTeamCountry "CZE"]
[BlackTeamCountry "ITA"]

1. d4 d5 2. c4 e6 3. Nc3 a6 4. cxd5 exd5 5. Bf4 c6 6. e3 Bd6 7. Bxd6 Qxd6 8. Bd3 Ne7 9. Qc2 (9. Nf3 Bf5 10. Qb3 b5 11. Bxf5 Nxf5 12. a4 b4 13. Ne2 a5 14. O-O Nd7 15. Nf4 O-O 16. Rfc1 Rac8 17. Rc2 Rc7 18. Rac1 Rfc8 19. Qd3 g6 20. Qa6 g5 21. Nd3 b3 22. Rc3 c5 23. Qxd6 Nxd6 24. Nxc5 Nxc5 25. Rxc5 Rxc5 26. Rxc5 Rb8 27. Nd2 Rb4 28. Rxd5 Nc4 29. Nxc4 Rxc4 30. Rxg5+ Kf8 31. g3 Rxa4 32. Rb5 Ra1+ 33. Kg2 a4 34. Rb4 f5 35. Kf3 Ra2 36. Kf4 Rxb2 37. Rxa4 Rxf2+ 38. Ke5 b2 39. Rb4 Kf7 40. d5 Re2 41. Rb7+ Kg6 42. Kd4 Rd2+ 43. Kc3 Rxd5 44. Rxb2 Kg5 45. Rb4 Rd1 46. Rd4 Ra1 47. Rh4 h5 48. Kd3 Ra2 49. Kc3 {1/2 (49) Grischuk,A (2754)-Carlsen,M (2857) chess.com INT 2016}) (9. Nge2 Bf5 10. Bxf5 Nxf5 11. Qc2 g6 12. O-O-O Nd7 13. g4 Ne7 14. Nf4 h5 15. f3 hxg4 16. fxg4 O-O-O 17. h4 Rdg8 18. h5 g5 19. Nd3 f5 20. Kb1 fxg4 21. e4 Rh6 22. Qg2 g3 23. e5 Qe6 24. Qxg3 Nf5 25. Qg4 Ne3 26. Qxe6 Rxe6 27. Rdg1 Rh6 28. Ne2 Nf8 29. Ng3 Rgh8 30. Re1 Ng2 31. Reg1 Ne3 32. Re1 Ng2 33. Reg1 {1/2 (33) Firat,B (2503)-Landa,K (2611) Reykjavik 2017}) 9... g6 (9... Nd7 10. Nf3 Nf6 11. O-O g6 12. Na4 Bf5 13. Nc5 Bxd3 14. Qxd3 Rb8 15. b4 O-O 16. Ne5 Nc8 17. a4 Na7 18. f4 Qe7 19. f5 Rbd8 20. fxg6 fxg6 21. Rf3 Nh5 22. Raf1 Rxf3 23. Rxf3 Rf8 24. Qf1 Rxf3 25. Qxf3 Nf6 26. Nxb7 Qxb4 27. Qxf6 Qxb7 28. Qd8+ Kg7 29. h3 Qb1+ 30. Kh2 Qb7 31. Nd7 {1-0 (31) Shneider,A (2460)-Kruppa,Y Lvov (Ukraine) 1984}) (9... Bg4 10. Nge2 (10. f3 Bh5 11. Nge2 Nd7 12. O-O-O Qh6 13. Nf4 Bg6 14. Bxg6 Nxg6 15. Nxg6 hxg6 16. Kb1 Nb6 17. e4 O-O-O 18. Qb3 Nc4 19. Ka1 Qg5 20. g3 Kb8 21. f4 Qg4 22. Na4 Ka7 23. Nc5 Qc8 24. Rc1 Qc7 25. Qd3 Qb6 26. b3 Nd6 27. e5 Ne4 28. Rc2 Rh3 29. Rd1 Nxc5 30. dxc5 Qb5 31. Qd4 Rdh8 32. Rdd2 Qf1+ 33. Kb2 Qh1 34. Rd1 Qf3 35. Rdd2 Qh1 36. Rd1 Qf3 37. Rdd2 {1/2 (37) Dragun,K (2594)-Rakhmanov,A (2650) Moscow 2016}) 10... Bxe2 11. Bxe2 Nd7 12. O-O-O O-O 13. Bd3 Kh8 14. Kb1 Rac8 15. h4 b5 16. h5 h6 17. Ne2 a5 18. Ng3 Nb6 19. Qc5 Qxc5 20. dxc5 Nd7 21. Rc1 Ne5 22. Be2 f5 23. Rh4 Rf6 24. a4 b4 25. f4 Nd7 26. Bd3 Rg8 27. Ne2 g5 28. hxg6 Rgxg6 29. g3 Nf8 30. Kc2 Ne6 31. Kd2 Rg8 32. Rh5 Kg7 33. Ke1 Kg6 34. Rh4 Rd8 35. Kd2 d4 36. e4 fxe4 37. Bxe4+ Kg7 38. Rh5 d3 39. Bxd3 Rf5 40. Rxf5 Nxf5 41. g4 Nh4 42. f5 Ng5 43. Nf4 Nhf3+ 44. Ke3 Ne5 45. Be2 Kf6 46. Nh5+ Ke7 47. b3 Ngf7 48. Rd1 Nd7 49. Bc4 Nfe5 50. Rd4 Nxc4+ 51. Rxc4 Kf7 52. Kf4 Nf8 53. Ke3 Re8+ 54. Re4 Rxe4+ 55. Kxe4 Nd7 56. Kd4 Ke7 57. Nf4 Kf7 58. Ne6 Ke7 59. g5 hxg5 60. Nxg5 Kf6 61. Ne4+ Kxf5 62. Nd6+ Ke6 63. Nc4 Nf6 64. Ne5 {1-0 (64) Wojtaszek,R (2663)-Morozevich,A (2715) Pamplona 2010}) 10. h4 {A new, modern idea.} ({Usually everybody played} 10. Nf3 Bf5 11. Bxf5 Nxf5 12. O-O O-O 13. e4 dxe4 14. Nxe4 Qd8 15. Rad1 Nd6 16. Nc5 Nd7 17. d5 Nxc5 18. Qxc5 Rc8 19. Rfe1 Qf6 20. Ne5 cxd5 21. Nd7 Qf4 22. Qxd5 Rfe8 23. g3 Rxe1+ 24. Rxe1 Qb4 25. Nf6+ Kh8 26. Rd1 Rc6 27. Qe5 Qb5 28. Nd5+ {1-0 (28) Xu,Y (2541)-Peng,S (2388) Daqing CHN 2018}) ({RR} 10. f3 O-O 11. Nge2 Nf5 12. Qd2 Re8 13. O-O-O {1-0 (13) Grischuk,A (2771)-Ponomariov,R (2744) Moscow 2010}) ({RR} 10. f3 Be6 11. Nge2 c5 12. dxc5 Qxc5 13. Nd4 Nbc6 14. Na4 Qb4+ 15. Nc3 Nxd4 16. exd4 Qxd4 17. O-O-O Qf4+ 18. Kb1 O-O 19. g3 Qf6 20. f4 Rac8 21. Qa4 b5 22. Qxa6 b4 23. Ne2 Ra8 24. Qd6 d4 {Papasimakopoulos,A (2348)-Svane,R (2620) chess.com INT 2026 0-1 (36)}) 10... Bf5 11. Bxf5 ({Possible was the direct} 11. h5) 11... Nxf5 12. h5 Rf8 $146 ({Black would be left with a certain after} 12... Nd7 13. hxg6 fxg6 14. Nf3 O-O-O 15. O-O-O h5 16. e4) ({RR} 12... Nd7 13. hxg6 fxg6 14. O-O-O O-O-O 15. Nf3 Kb8 16. Rh3 h5 17. Ne2 Qf6 18. Nf4 h4 19. Nh2 Rde8 20. Kb1 Re4 21. Nd3 g5 22. Nf3 g4 23. Nfe5 Nxe5 24. Nxe5 Qe6 25. Rhh1 Rg8 26. Rde1 g3 27. Nf3 {Aytekin,M (2178)-Yilmaz,G (2212) Konya 2019 0-1 (41)}) 13. g4 Ne7 14. Qb3 Qc7 15. Rc1 ({It was preferable to create a safe heaven for the king with} 15. O-O-O Nd7 16. Nh3 O-O-O 17. Na4) 15... Nd7 {Now starts an interesting forced line.} 16. hxg6 hxg6 17. Nxd5 Nxd5 18. Qxd5 O-O-O 19. Qb3 ({With} 19. Qg5 Qb6 20. Rc2 Qb4+ 21. Kf1 Qd6 22. Ne2 {White could keep an extra pawn, but his king would be stuck in the centre.}) 19... Nf6 20. Nf3 ({Trying to keep the pawn was terribly dangerous:} 20. f3 Qg3+ 21. Kf1 Rh8 22. Rxh8 Rxh8) 20... Nxg4 21. Ke2 Rfe8 22. Rh4 ({The attacking line just led to an equal endgame:} 22. Rh7 Rd7 23. d5 c5 24. Qc4 Nf6 25. d6 Qxd6 26. Qxc5+ Qxc5 27. Rxc5+ Kd8 28. Rh4) 22... f5 23. Rch1 Re7 24. Rh8 Kb8 ({It was time for real activation with} 24... f4 $1 25. Ng5 fxe3 26. Ne6 exf2 27. Kf1 Qa5 28. Rxd8+ Qxd8 29. Nxd8 Re1+ 30. Kg2 Rxh1 31. Qxb7+ Kxd8 32. Qb6+ Kd7 33. Qb7+ {with perpetual check.}) 25. Ng5 Ka7 26. Qb4 Nf6 27. Qc5+ b6 ({White would increase the pressure after} 27... Ka8 28. R1h6) 28. Qc4 Rxh8 29. Rxh8 Nd5 $2 ({This was the last chance to display activity:} 29... f4 30. Ne6 f3+ 31. Kd1 Qd6 32. Nf4 c5) 30. Nf3 $1 {Now the knight is transferred to e5 with serious threats.} Kb7 ({A bit more stubborn was} 30... Qd6 31. Ne5 Rc7 32. Rh6 Ne7) 31. Ne5 Re6 32. b4 Qe7 ({After} 32... b5 33. Qc5 Qe7 34. a3 Qxc5 35. bxc5 {Black would be left with a very passive position.}) 33. a3 ({Very strong was} 33. Nxc6 Rxc6 34. Qxd5 Qe6 35. Rh7+) 33... g5 34. Nxc6 $1 {Based on a very precise long attacking calculation.} Nf4+ 35. Kd2 Rxc6 36. Qg8 a5 37. b5 Rc2+ 38. Kxc2 Qe4+ 39. Kb2 Nd3+ 40. Kc3 1-0

[Event "Comet Open Titled Winners"]
[Site "chess.com INT"]
[Date "2025.10.18"]
[Round "1.1"]
[White "Bluebaum, M."]
[Black "Naroditsky, D."]
[Result "1-0"]
[WhiteElo "2687"]
[BlackElo "2619"]
[PlyCount "143"]
[EventDate "2025.10.18"]
[EventType "k.o."]

1. d4 d5 2. c4 e6 3. Nc3 Bb4 4. e3 Nf6 5. Bd2 c5 6. a3 Bxc3 7. Bxc3 Ne4 ({RR} 7... cxd4 8. Qxd4 O-O 9. cxd5 exd5 10. Qh4 Ne4 11. Qxd8 Rxd8 12. Bd4 Nc6 13. Ne2 b6 14. b4 Ba6 15. Bb2 Rac8 16. Rd1 Bc4 17. f3 Nd6 18. Nf4 Bxf1 19. Rxf1 Nc4 20. Bc1 d4 21. e4 b5 22. Rf2 {Carow,J (2445)-Rakotomaharo,F (2483) Germany GER 2023 1-0 (68)}) ({RR} 7... cxd4 8. Qxd4 O-O 9. cxd5 exd5 10. Qh4 Ne4 11. Qxd8 Rxd8 12. Bd4 Nc6 13. Ne2 b6 14. b4 Ba6 15. Bb2 Rac8 16. Rd1 Bc4 17. f3 Nd6 18. Nf4 Bxf1 19. Rxf1 Nc4 20. Bc1 d4 21. e4 b5 22. Rf2 {Carow,J (2445)-Rakotomaharo,F (2483) Germany GER 2023 1-0 (68)}) ({RR} 7... cxd4 8. Bxd4 O-O 9. Nf3 dxc4 10. Bxc4 Nc6 11. O-O b6 12. Qe2 Qe7 13. h3 Bb7 14. Rac1 Ne4 15. Ba6 Rfd8 16. Bxb7 Qxb7 17. Qc2 Ne7 18. Qc7 Rd7 19. Qxb7 Rxb7 20. Rfd1 f6 21. Nd2 Nxd2 22. Rxd2 {Serafin,F (2033)-Obolonin,F (2103) Bialystok POL 2025 ½-½ (72)}) 8. Rc1 O-O ({RR} 8... Nxc3 9. Rxc3 cxd4 10. Qxd4 O-O 11. cxd5 exd5 12. Bb5 a6 13. Ba4 Qa5 14. Nf3 Bd7 15. Bb3 Be6 16. O-O Nc6 17. Qc5 Rac8 18. Rfc1 Qd8 19. Nd4 Nxd4 20. Qxd4 Rxc3 21. Rxc3 Qf6 22. Qxf6 gxf6 23. Kf1 {Daakshin,A (2281)-Khamrakulov,I (2421) Noisiel FRA 2024 ½-½}) 9. Nf3 Nc6 $146 ({RR} 9... Nxc3 10. Rxc3 cxd4 11. Nxd4 b6 12. cxd5 Qxd5 13. Be2 Bb7 14. Bf3 Qd7 15. O-O Na6 16. Bc6 Qe7 17. Qf3 Rab8 18. Bxb7 Qxb7 19. Nc6 Rbc8 20. Rfc1 Rc7 21. b4 Nb8 22. Ne5 Rxc3 23. Rxc3 Qxf3 24. gxf3 {Tenuunbold,B (1398)-Kshatriya,N (1213) Tornelo INT 2021 0-1 (48)}) ({RR} 9... Nxc3 10. Rxc3 cxd4 11. Nxd4 b6 12. cxd5 Qxd5 13. Be2 Bb7 14. Bf3 Qd7 15. O-O Na6 16. Bc6 Qe7 17. Qf3 Rab8 18. Bxb7 Qxb7 19. Nc6 Rbc8 20. Rfc1 Rc7 21. b4 Nb8 22. Ne5 Rxc3 23. Rxc3 Qxf3 24. gxf3 {Tenuunbold,B (1398)-Kshatriya,N (1213) Tornelo INT 2021 0-1 (48)}) ({RR} 9... Nxc3 10. Rxc3 cxd4 11. Nxd4 b6 12. cxd5 Qxd5 13. Be2 Bb7 14. Bf3 Qd7 15. O-O Na6 16. Bc6 Qe7 17. Qf3 Rab8 18. Bxb7 Qxb7 19. Nc6 Rbc8 20. Rfc1 Rc7 21. b4 Nb8 22. Ne5 Rxc3 23. Rxc3 Qxf3 24. gxf3 {Tenuunbold,B (1398)-Kshatriya,N (1213) Tornelo INT 2021 0-1 (48)}) ({RR} 9... Nxc3 10. Rxc3 cxd4 11. Nxd4 b6 12. cxd5 Qxd5 13. Be2 Bb7 14. Bf3 Qd7 15. O-O Na6 16. Bc6 Qe7 17. Qf3 Rab8 18. Bxb7 Qxb7 19. Nc6 Rbc8 20. Rfc1 Rc7 21. b4 Nb8 22. Ne5 Rxc3 23. Rxc3 Qxf3 24. gxf3 {Tenuunbold,B (1398)-Kshatriya,N (1213) Tornelo INT 2021 0-1 (48)}) 10. dxc5 Nxc3 11. Rxc3 Qf6 12. cxd5 exd5 13. Be2 Rd8 14. Nd4 Ne5 15. O-O Be6 16. f4 Nc6 17. Bf3 Rac8 18. b4 a6 19. Qd2 Bf5 20. Nxf5 Qxf5 21. Rd3 Ne7 22. e4 Qf6 23. exd5 Ng6 24. g3 b6 25. Qc3 Qf5 26. Re3 bxc5 27. bxc5 h5 28. Be4 Qg4 29. f5 Ne7 30. Qe5 Re8 31. d6 Nc6 32. Qf4 Qxf4 33. gxf4 Nb8 34. Rc1 Nd7 35. c6 Nf6 36. d7 Nxd7 37. Kf2 Nf6 38. Bf3 Red8 39. Ke2 Kf8 40. Rd3 Re8+ 41. Kd2 Rc7 42. Rd6 Rec8 43. Kd3 Ne8 44. Rd4 Nf6 45. Rc5 Rb8 46. Rb4 Rd8+ 47. Kc4 Ne8 48. Kc3 Nd6 49. a4 f6 50. Rb6 Rdc8 51. Bd5 Ne8 52. Be6 Rd8 53. Rxa6 Nd6 54. Rb6 Ne4+ 55. Kc4 Rd1 56. Rb8+ Ke7 57. Rb7 Rc1+ 58. Kd4 Nxc5 59. Rxc7+ Kd6 60. Rxg7 Nxe6+ 61. fxe6 Kxe6 62. c7 Kd6 63. a5 f5 64. a6 h4 65. a7 h3 66. a8=Q Rd1+ 67. Kc3 Rc1+ 68. Kd2 Rxc7 69. Qd8+ Ke6 70. Rg6+ Kf7 71. Qf6+ Ke8 72. Rg8+ 1-0